Handbook of hydraulics for the solution of hydraulic engineering problems / (Record no. 60744)

000 -LEADER
fixed length control field 01574cam a2200361 a 4500
001 - CONTROL NUMBER
control field 4927139
003 - CONTROL NUMBER IDENTIFIER
control field NUST-PNEC
005 - DATE AND TIME OF LATEST TRANSACTION
control field 20170116180706.0
008 - FIXED-LENGTH DATA ELEMENTS--GENERAL INFORMATION
fixed length control field 951012s1996 nyua 000 0 eng
010 ## - LIBRARY OF CONGRESS CONTROL NUMBER
LC control number 95045662
020 ## - INTERNATIONAL STANDARD BOOK NUMBER
International Standard Book Number 0070072477
040 ## - CATALOGING SOURCE
Original cataloging agency DLC
Transcribing agency PNEC
050 00 - LIBRARY OF CONGRESS CALL NUMBER
Classification number TC160
Item number .B9123 1996
082 00 - DEWEY DECIMAL CLASSIFICATION NUMBER
Classification number 627 BRA
Edition number 20
100 1# - MAIN ENTRY--PERSONAL NAME
Personal name Brater, Ernest F.
Fuller form of name (Ernest Frederick),
Dates associated with a name 1912-2003.
245 10 - TITLE STATEMENT
Title Handbook of hydraulics for the solution of hydraulic engineering problems /
Statement of responsibility, etc. Ernest F. Brater, Horace Williams King ; James E. Lindell, editor in chief ; C.Y. Wei, coeditor.
246 30 - VARYING FORM OF TITLE
Title proper/short title Handbook of hydraulics
250 ## - EDITION STATEMENT
Edition statement 7th ed.
260 ## - PUBLICATION, DISTRIBUTION, ETC.
Place of publication, distribution, etc. New York :
Name of publisher, distributor, etc. McGraw-Hill,
Date of publication, distribution, etc. c1996.
300 ## - PHYSICAL DESCRIPTION
Extent 1 v. (various pagings) :
Other physical details ill. ;
Dimensions 20 cm.
500 ## - GENERAL NOTE
General note Includes Index http://www.amazon.com/Handbook-Hydraulics-Ernest-Brater/dp/0070072477/ref=sr_1_1?s=books&ie=UTF8&qid=1411632304&sr=1-1&keywords=0070072477
650 #0 - SUBJECT ADDED ENTRY--TOPICAL TERM
Topical term or geographic name entry element Hydraulics.
650 #0 - SUBJECT ADDED ENTRY--TOPICAL TERM
Topical term or geographic name entry element Hydraulic engineering.
General subdivision ME
650 #0 - SUBJECT ADDED ENTRY--TOPICAL TERM
Topical term or geographic name entry element Metric system.
700 1# - ADDED ENTRY--PERSONAL NAME
Personal name King, Horace Williams,
Dates associated with a name 1874-1951.
700 1# - ADDED ENTRY--PERSONAL NAME
Personal name Lindell, James E.
700 1# - ADDED ENTRY--PERSONAL NAME
Personal name Wei, C. Y.
856 42 - ELECTRONIC LOCATION AND ACCESS
Materials specified Publisher description
Uniform Resource Identifier <a href="http://www.loc.gov/catdir/description/mh022/95045662.html">http://www.loc.gov/catdir/description/mh022/95045662.html</a>
856 41 - ELECTRONIC LOCATION AND ACCESS
Materials specified Table of contents
Uniform Resource Identifier <a href="http://www.loc.gov/catdir/toc/mh022/95045662.html">http://www.loc.gov/catdir/toc/mh022/95045662.html</a>
906 ## - LOCAL DATA ELEMENT F, LDF (RLIN)
a 7
b cbc
c orignew
d 1
e ocip
f 19
g y-gencatlg
942 ## - ADDED ENTRY ELEMENTS (KOHA)
Source of classification or shelving scheme
Koha item type Book
Holdings
Withdrawn status Lost status Source of classification or shelving scheme Damaged status Not for loan Permanent Location Current Location Shelving location Date acquired Source of acquisition Cost, normal purchase price Total Checkouts Full call number Barcode Date last seen Cost, replacement price Price effective from Koha item type
          Pakistan Navy Engineering College (PNEC) Pakistan Navy Engineering College (PNEC) Reference 01/02/1999 Progressive International 4147.34   627 BRA PNECLIB-020318 09/25/2014 4147.34 01/02/1999 Book
© 2023 Central Library, National University of Sciences and Technology. All Rights Reserved.